Word by word : /

Đã lưu trong:
Bibliografiske detaljer
Hovedforfatter: Chalker, Sylvia
Format: Bog
Udgivet: Nelson, 1990.
Fag:
Tags: Tilføj Tag
Ingen Tags, Vær først til at tagge denne postø!
Thư viện lưu trữ: Mạng thư viện Đại học Đà Nẵng
LEADER 00792nam a22002531a 4500
001 000037762
005 20221129163919.0
040 |a lnn  |b eng  |c lnn  |d lnn 
082 0 0 |a 242  |b CH-S 
100 1 |a Chalker, Sylvia 
245 1 0 |a Word by word : /  |c Sylvia Chalker. 
260 0 |a Nelson,  |c 1990. 
300 |a 448tr. : ;  |c 24cm. 
653 0 |a Word by word 
653 0 |a Word 
OWN |a LNN 
AVA |a UDN50  |b LNN  |c English  |d 242CH-S  |e available  |t Error 5001 Not defined in file expand_doc_bib_avail.  |f 2  |g 0  |h N  |i 0  |j AN 
999 |a From the UDN01 
AVA |a UDN50  |b LNN  |c English  |d 242CH-S  |e available  |t Error 5001 Not defined in file expand_doc_bib_avail.  |f 2  |g 0  |h N  |i 0  |j AN 
TYP |a Monograph 
980 |a Mạng thư viện Đại học Đà Nẵng